000 00537nam a2200217Ia 4500
003 OSt
005 20220928151701.0
006 a|||||r|||| 00| 0
007 ta
008 220927b |||||||| |||| 00| 0 eng d
024 _a130790
037 _cTextual
040 _aSDCL
_cSDCL
_beng
041 _2eng
_aeng
082 _aO15,1D05,2, 15H8
100 _aAshavagosha
_9505467
245 0 _aSundarananda kavya.
260 _c1948
942 _hO15,1D05,2, 15H8
_cTEXL
_2CC
999 _c852815
_d852815